| 000 | 00698nam a2200229 i 4500 | ||
|---|---|---|---|
| 001 | 62037 | ||
| 003 | ES-MaACL | ||
| 005 | 20251018063047.0 | ||
| 007 | t| | ||
| 008 | 031117s1947 sp ||||1| spa d | ||
| 100 | 1 |
_aFaulkner, William, _d1897-1962 _9242365 |
|
| 245 | 1 | 0 |
_aPylon / _cWilliam Faulkner ; [versión española de Julio Fernández-Yánez]. |
| 250 | _a[1ª ed.]. | ||
| 260 |
_aBarcelona : _bLuis de Caralt, _c[1947] ( _fYuste) |
||
| 300 |
_a221 p. ; _c21 cm. |
||
| 490 | 1 | _aGigante | |
| 700 | 1 |
_aFernández-Yáñez, Julio. _950195 |
|
| 830 | 0 |
_aGigante _9181050 |
|
| 852 |
_aES-MaACL _jB-7824 _bR.29403 |
||
| 852 |
_aES-MaACL _jB-12804 _bR.29763 |
||
| 999 |
_c62037 _d62037 |
||